[Event "Liga Madrileña - DH 2012-2013"]
[Site "Madrid ESP"]
[Date "2013.03.17"]
[Round "14.45"]
[White "Fernandez Barrera, Victor"]
[Black "Perez Gonzalez, Jose Manuel"]
[Result "1/2-1/2"]
[WhiteElo "2312"]
[BlackElo "2314"]
[PlyCount "45"]
[EventDate "2012.11.18"]
[EventRounds "14"]
[EventCountry "ESP"]
[Source "lmi"]
[SourceDate "2012.11.18"]
[WhiteTeam "Virgen de Atocha"]
[BlackTeam "Amigos del Retiro"]
[WhiteTeamCountry "ESP"]
[BlackTeamCountry "ESP"]

1. Nf3 g6 2. e4 c5 3. d4 cxd4 4. Nxd4 Nc6 5. c4 Nf6 6. Nc3 d6 7. Be2 Nxd4 8.
Qxd4 Bg7 9. Bg5 O-O 10. Qd2 Be6 11. Rc1 Qa5 12. O-O Rfc8 13. b3 a6 14. f4 b5
15. f5 b4 16. Bxf6 Bxf6 17. Nd5 Bxd5 18. exd5 Kg7 19. a4 Qc5+ 20. Kh1 Rg8 21.
Rf3 g5 22. Rh3 a5 23. Rd1 1/2-1/2

[Event "Liga Madrileña - DH 2012-2013"]
[Site "Madrid ESP"]
[Date "2013.03.17"]
[Round "14.46"]
[White "Fernandez Garcia, Miguel Angel"]
[Black "Horcajada Reales, Guillermo"]
[Result "1-0"]
[WhiteElo "2307"]
[BlackElo "2232"]
[PlyCount "69"]
[EventDate "2012.11.18"]
[EventRounds "14"]
[EventCountry "ESP"]
[Source "lmi"]
[SourceDate "2012.11.18"]
[WhiteTeam "Amigos del Retiro"]
[BlackTeam "Virgen de Atocha"]
[WhiteTeamCountry "ESP"]
[BlackTeamCountry "ESP"]

1. d4 d5 2. c4 c6 3. Nf3 Nf6 4. cxd5 cxd5 5. Nc3 Nc6 6. Bf4 g6 7. e3 Nh5 8. Bg5
h6 9. Bh4 g5 10. Bg3 Nxg3 11. hxg3 Bg7 12. Bd3 Be6 13. Rc1 Rc8 14. a3 a6 15.
Na4 Rc7 16. Nd2 Qd6 17. b4 b5 18. Nc5 Bc8 19. Ndb3 e5 20. dxe5 Bxe5 21. O-O h5
22. f4 Bb2 23. Rc2 Bg7 24. Be2 h4 25. g4 Re7 26. Bf3 d4 27. Bxc6+ Qxc6 28. Ne4
Bxg4 29. Qxg4 Qxc2 30. Rc1 Qxc1+ 31. Nxc1 O-O 32. fxg5 Rd8 33. Nf6+ Kf8 34. e4
d3 35. Nxd3 1-0